| 000 | 00758nam a2200253Ia 4500 | ||
|---|---|---|---|
| 003 | OSt | ||
| 005 | 20220923212426.0 | ||
| 006 | a|||||r|||| 00| 0 | ||
| 007 | ta | ||
| 008 | 220922b |||||||| |||| 00| 0 hin d | ||
| 024 | _a152,844 | ||
| 037 | _cTextual | ||
| 040 |
_aARTS _cARTS _bhin |
||
| 041 |
_2hin _ahin |
||
| 082 | _aO13,2C50,1, 152L7 | ||
| 100 | _aसोफोक्लीज | ||
| 245 | 0 | _aएण्टोगोनी | |
| 246 | _aEṇṭogonī | ||
| 260 |
_aदिल्ली _b सरला प्रकाशन _c1977 |
||
| 300 |
_a94 पृ. _ccm. |
||
| 650 |
_aहिन्दी साहित्य _9156264 |
||
| 942 |
_hO13,2C50,1, 152L7 _cTEXL _2CC |
||
| 999 |
_c308493 _d308493 |
||